00957nam a2200181 a 450000100100000000500170001000800410002704000250006808200150009324501080010826001620021630000360037850001910041470000310060504900090063695201130064599900170075800003001820200930060001.0110428s1998 dr ad 000 0 spa d aDO-SdBNPbspacBNPHU axxxxbP42800aPercepción sobre la violencia intrafamiliar en la Región Este /cpresentación Gladys Gutiérrez. aSanto Domingo :bSecretaía de Estado de la Mujer :bConsejo Interamericano para el Desarrollo Integral de la Organización de Estados Américanos,c1998. a24 p. :bil., diagrs. ;c27 cm. aSíntesis del diagnóstico efectuado durante los meses de septiembre, octubre y noviembre de 1998, en el marco del Programa Integrado para el Desarrollo de la Mujer de la Región Este1 aGutiérrez, Gladys956736 aBNPD 0010718PDaPDbPDcCTd2011-04-28iLF1l0oxxxx P428p30018-10r2020-06-25w2020-06-25yLFPDZNo se presta c29510d29510